LEADER 00397nas 2200169z- 450 001 9910891895303321 005 20260324110117.0 035 $a(CKB)4330000001262464 035 $a(DE-599)2162689-3 035 $a(EXLCZ)994330000001262464 100 $a20180610cuuuuuuuu -u- - 101 0 $aeng 200 00$aHase 906 $aJOURNAL 912 $a9910891895303321 996 $aHase$92012334 997 $aUNINA